[Event "Box Hill Open"]
[Site "Box Hill"]
[Date "2002.10.04"]
[Round "4.1"]
[White "Le, Tuan N"]
[Black "Dragicevic, Domagoj"]
[Result "0-1"]
[WhiteElo "1904"]
[BlackElo "1826"]
[Annotator "gb"]
[PlyCount "84"]
[EventDate "2002.09.13"]

1. d4 Nf6 2. Nf3 g6 3. c4 Bg7 4. Nc3 O-O 5. e4 d6 6. h3 c5 7. Be3 cxd4 8. Nxd4
Nc6 9. Be2 a6 10. O-O Nxd4 11. Bxd4 Be6 12. Rc1 Rc8 13. b3 Qa5 14. f4 b5 15.
Nd5 Bxd5 16. exd5 Rc7 17. Kh2 Rfc8 18. Rb1 bxc4 19. bxc4 Nd7 20. Bxg7 Kxg7 21.
Qd4+ Kg8 22. Rb2 Nc5 23. f5 Nd7 24. fxg6 hxg6 25. Bg4 Rxc4 26. Qf2 Ne5 27. Bxc8
Rxc8 28. Qh4 f6 29. Rb7 Re8 30. Qe4 Qxa2 31. Rfb1 Qc4 32. Qxc4 Nxc4 33. R1b4
Ne5 34. Ra7 Kf7 35. Rxa6 g5 36. Kg3 Rc8 37. Rb7 Kf8 38. Raa7 Ng6 39. Ra5 Rc3+
40. Kg4 Rc4+ 41. Kf5 Kf7 42. g3 Nh4+ 0-1

[Event "Box Hill Open"]
[Site "Box Hill"]
[Date "2002.10.04"]
[Round "4.2"]
[White "Dutka, Janusz"]
[Black "Lee, Michelle"]
[Result "1-0"]
[WhiteElo "1873"]
[BlackElo "1702"]
[Annotator "hl"]
[PlyCount "61"]
[EventDate "2002.09.13"]

1. e4 c5 2. Nf3 e6 3. d4 cxd4 4. Nxd4 Nc6 5. Nb5 d6 6. c4 a6 7. N5c3 Nf6 8. Be2
Be7 9. Be3 O-O 10. O-O Qc7 11. f4 Nb8 12. Na3 Nbd7 13. Bf3 Rb8 14. Qe2 b6 15.
g4 h6 16. h4 d5 17. cxd5 Bxa3 18. dxe6 fxe6 19. g5 Be7 20. gxf6 Bxf6 21. e5
Bxh4 22. Rac1 Qd8 23. Ne4 Bb7 24. Qc4 Qe7 25. Bg4 Bd5 26. Qd4 Qe8 27. Nd6 Qg6
28. f5 exf5 29. Nxf5 Be6 30. Rc6 Nxe5 31. Rxe6 1-0

[Event "Box Hill Open"]
[Site "Box Hill"]
[Date "2002.10.04"]
[Round "4.3"]
[White "Fell, Rowan"]
[Black "Bourmistrov, Denis"]
[Result "1/2-1/2"]
[WhiteElo "1528"]
[BlackElo "2040"]
[Annotator "hl"]
[PlyCount "43"]
[EventDate "2002.09.13"]

1. d4 g6 2. e4 d6 3. Nc3 c6 4. Be3 Bg7 5. Qd2 b5 6. h3 a6 7. Nf3 Nd7 8. Bd3 Bb7
9. O-O Ngf6 10. Bh6 O-O 11. Bxg7 Kxg7 12. e5 Ne8 13. Rae1 dxe5 14. dxe5 Nc7 15.
Ne4 c5 16. Ng3 Ne6 17. Ng5 Nb6 18. Nxe6+ fxe6 19. Nh5+ Kh8 20. Qh6 Rg8 21. Nf4
Qf8 22. Qxf8 1/2-1/2

[Event "Box Hill Open"]
[Site "Box Hill"]
[Date "2002.10.04"]
[Round "4.4"]
[White "Rikalo, Milenko"]
[Black "Raine, Marcus"]
[Result "1-0"]
[WhiteElo "1810"]
[BlackElo "1904"]
[Annotator "gb"]
[PlyCount "129"]
[EventDate "2002.09.13"]

1. e4 c5 2. f4 e6 3. Nc3 Nc6 4. Nf3 d5 5. e5 d4 6. Ne4 h5 7. Bb5 Bd7 8. c3 a6
9. Be2 Be7 10. cxd4 cxd4 11. b3 Bc8 12. d3 g6 13. O-O Nh6 14. Qc2 Nb4 15. Qb2
Nf5 16. Ng3 Nxg3 17. hxg3 Bc5 18. Bd2 Nc6 19. Rfc1 Ba7 20. Ng5 Kf8 21. Bf3 Bd7
22. Ne4 Kg7 23. Nf6 Rc8 24. Kf2 Qe7 25. g4 hxg4 26. Bxg4 Rh4 27. Rh1 Rch8 28.
Rxh4 Rxh4 29. g3 Rh2+ 30. Kg1 Rh8 31. Bf3 Nd8 32. Rc1 Bc6 33. Bxc6 Nxc6 34. Kg2
Nb4 35. Qb1 Nd5 36. Nxd5 exd5 37. Rh1 Rxh1 38. Qxh1 Qc7 39. Kf2 Qc2 40. Ke2 Bc5
41. Qc1 Qxc1 42. Bxc1 f6 43. exf6+ Kxf6 44. Bd2 Ba3 45. Ba5 Bc1 46. Kf3 Kf5 47.
Bc7 Be3 48. Be5 Bg1 49. Bc7 Be3 50. g4+ Ke6 51. Kg3 Bd2 52. Kh4 Kf7 53. Kg5 Bb4
54. Be5 Be7+ 55. Kh6 Bf8+ 56. Kh7 Bc5 57. f5 gxf5 58. g5 Bf8 59. g6+ Ke6 60. g7
Bxg7 61. Bxg7 f4 62. Kg6 Kd6 63. Bxd4 Kc6 64. Kf5 Kb5 65. a3 1-0

[Event "Box Hill Open"]
[Site "Box Hill"]
[Date "2002.10.04"]
[Round "4.5"]
[White "Dizdarevic, Mehmedalija"]
[Black "Liston, Howard"]
[Result "1-0"]
[WhiteElo "1947"]
[BlackElo "1702"]
[Annotator "hl"]
[PlyCount "89"]
[EventDate "2002.09.13"]

1. e4 c5 2. Nf3 Nc6 3. d4 cxd4 4. Nxd4 Nf6 5. Nc3 e5 6. Ndb5 d6 7. Bg5 a6 8.
Na3 b5 9. Nd5 Be7 10. Bxf6 Bxf6 11. c3 Bg5 12. Nc2 Be6 13. Nce3 O-O 14. h4 Bh6
15. g4 g6 16. g5 Bg7 17. Ng4 Bxd5 18. Qxd5 Ne7 19. Qb3 Qd7 20. Ne3 Qe6 21.
O-O-O Qxb3 22. axb3 f5 23. Rxd6 fxe4 24. Rd7 Nf5 25. Bg2 Rad8 26. Rxd8 Rxd8 27.
Bxe4 Nxe3 28. fxe3 Bf8 29. b4 Bd6 30. Kc2 Bb8 31. b3 Ba7 32. Rh3 Bb6 33. c4
bxc4 34. bxc4 a5 35. Bd5+ Kg7 36. Kb3 Rf8 37. c5 Ba7 38. Kc4 axb4 39. Kxb4 Rb8+
40. Kc4 Rb1 41. c6 Bb6 42. Rf3 Rc1+ 43. Kb5 Rc5+ 44. Kxb6 Rxd5 45. c7 1-0

[Event "Box Hill Open"]
[Site "Box Hill"]
[Date "2002.10.04"]
[Round "4.6"]
[White "Hilliard, Geoffrey"]
[Black "Rushdi, Nasim"]
[Result "0-1"]
[WhiteElo "1698"]
[BlackElo "1923"]
[Annotator "hl"]
[PlyCount "48"]
[EventDate "2002.09.13"]

1. e4 e6 2. d4 d5 3. e5 c5 4. c3 Nc6 5. Nf3 Bd7 6. Be2 Qb6 7. O-O h6 8. dxc5
Bxc5 9. b4 Bf8 10. b5 Na5 11. Be3 Bc5 12. Bxc5 Qxc5 13. Nd4 Qc7 14. f4 Ne7 15.
Qd3 Rc8 16. Rf3 g5 17. Qe3 g4 18. Rg3 Nf5 19. Nxf5 exf5 20. Qxa7 Nc4 21. Na3
Nb6 22. Qa5 Ra8 23. Qb4 Ra4 24. Qb3 Qc5+ 0-1

[Event "Box Hill Open"]
[Site "Box Hill"]
[Date "2002.10.04"]
[Round "4.7"]
[White "Umber, George"]
[Black "Meydan, Arie"]
[Result "1/2-1/2"]
[WhiteElo "1602"]
[BlackElo "1771"]
[Annotator "hl"]
[PlyCount "61"]
[EventDate "2002.09.13"]

1. d4 d5 2. c4 e5 3. dxe5 d4 4. Nf3 Nc6 5. g3 Bg4 6. Bg2 Bb4+ 7. Bd2 Nge7 8.
Bxb4 Nxb4 9. a3 Nbc6 10. Nbd2 O-O 11. O-O Ng6 12. h3 Bxf3 13. Nxf3 Ngxe5 14.
Nxe5 Nxe5 15. b3 c6 16. Be4 f5 17. Bd3 Qd7 18. f4 Nxd3 19. exd3 Rae8 20. Qd2
Re3 21. Kg2 Rfe8 22. Rfe1 c5 23. Rxe3 Rxe3 24. Re1 Qc6+ 25. Kh2 Qf3 26. Rxe3
dxe3 27. Qg2 Qd1 28. Qd5+ Kf8 29. Qxf5+ Ke8 30. Qe6+ Kd8 31. Qd6+ 1/2-1/2

[Event "Box Hill Open"]
[Site "Box Hill"]
[Date "2002.10.04"]
[Round "4.8"]
[White "Endo, Kohei"]
[Black "Sharman, Scot A"]
[Result "1-0"]
[WhiteElo "1326"]
[BlackElo "1717"]
[Annotator "hl"]
[PlyCount "39"]
[EventDate "2002.09.13"]

1. e4 e6 2. d4 d5 3. Nd2 Nf6 4. e5 Nfd7 5. Bd3 c5 6. c3 Nc6 7. Ngf3 f6 8. O-O
fxe5 9. dxe5 Be7 10. Qc2 Qc7 11. Bxh7 Ndxe5 12. Bg6+ Kd8 13. Nxe5 Nxe5 14. f4
Ng4 15. Nf3 Bd6 16. Ng5 Rxh2 17. Qe2 e5 18. fxe5 Nxe5 19. Nf7+ Nxf7 20. Bg5+
1-0

[Event "Box Hill Open"]
[Site "Box Hill"]
[Date "2002.10.04"]
[Round "4.9"]
[White "Stojic, Svetozar"]
[Black "Campara, Miralem"]
[Result "1-0"]
[WhiteElo "1714"]
[BlackElo "1693"]
[Annotator "hl"]
[PlyCount "54"]
[EventDate "2002.09.13"]

1. e4 e5 2. Nf3 Nf6 3. Nxe5 Nxe4 4. Qe2 Qe7 5. Qxe4 Nc6 6. d4 f6 7. f4 d6 8. d5
Nd8 9. Bb5+ c6 10. dxc6 Nxc6 11. Bxc6+ Kd8 12. O-O dxe5 13. Ba4 Kc7 14. Nc3 Be6
15. fxe5 Rd8 16. exf6 gxf6 17. Nb5+ Kc8 18. Nxa7+ Kb8 19. Nb5 Ka8 20. Qxe6 Qb4
21. Qb3 Bc5+ 22. Kh1 Qg4 23. Nc7+ Ka7 24. Be3 Bxe3 25. Qxe3+ Kb8 26. Ne6 Qxa4
27. Nxd8 Rxd8 1-0

[Event "Box Hill Open"]
[Site "Box Hill"]
[Date "2002.10.04"]
[Round "4.10"]
[White "Lycett, Garry"]
[Black "Stojic, Dusan"]
[Result "0-1"]
[WhiteElo "1705"]
[BlackElo "1638"]
[Annotator "hl"]
[PlyCount "78"]
[EventDate "2002.09.13"]

1. d4 Nf6 2. c4 c5 3. d5 e6 4. Nc3 exd5 5. cxd5 d6 6. e4 g6 7. Nf3 Bg7 8. Be2
O-O 9. O-O Re8 10. Qc2 a6 11. a4 Bg4 12. h3 Bxf3 13. Bxf3 Nbd7 14. Bf4 Ne5 15.
Be2 Qc7 16. Rfe1 h6 17. a5 g5 18. Bd2 Ng6 19. Bf1 Re7 20. g3 Nd7 21. Na4 b5 22.
axb6 Qb7 23. Ra3 Rb8 24. Rb3 Nge5 25. Kg2 Rc8 26. Ba5 f5 27. Bc4 Nxc4 28. Qxc4
fxe4 29. Rxe4 Ne5 30. Qe2 Qxd5 31. b7 Rb8 32. Rb6 Nd7 33. Rxd6 Qxe4+ 34. Qxe4
Rxe4 35. Rxd7 Rxa4 36. Rc7 Be5 37. Rc8+ Kf7 38. Bc7 Bxc7 39. Rxc7+ Ke6 0-1

[Event "Box Hill Open"]
[Site "Box Hill"]
[Date "2002.10.04"]
[Round "4.11"]
[White "Nemeth, Janos"]
[Black "Lugo, Ruperto"]
[Result "1-0"]
[WhiteElo "1932"]
[BlackElo "1612"]
[Annotator "hl"]
[PlyCount "47"]
[EventDate "2002.09.13"]

1. e4 g6 2. d4 Bg7 3. c3 d6 4. Bd3 Nf6 5. f4 O-O 6. Nf3 Re8 7. e5 dxe5 8. fxe5
Nd5 9. O-O h6 10. Qc2 b6 11. Bxg6 Rf8 12. Be4 c6 13. Qf2 e6 14. Qg3 f5 15. Bxh6
Qe7 16. Bxd5 cxd5 17. Bxg7 Qxg7 18. Ng5 Re8 19. Qh4 Qh8 20. Qf4 Kf8 21. Rf3 Ke7
22. Rh3 Qf8 23. Rh7+ Kd8 24. Qh4 1-0

[Event "Box Hill Open"]
[Site "Box Hill"]
[Date "2002.10.04"]
[Round "4.12"]
[White "Jenkins, Keith"]
[Black "Flude, David A"]
[Result "0-1"]
[WhiteElo "1686"]
[BlackElo "1712"]
[Annotator "hl"]
[PlyCount "38"]
[EventDate "2002.09.13"]

1. d4 Nf6 2. c4 c5 3. d5 e6 4. Nc3 exd5 5. cxd5 d6 6. e4 g6 7. f4 Bg7 8. Bb5+
Nbd7 9. e5 dxe5 10. fxe5 Nh5 11. Nf3 O-O 12. g4 Nxe5 13. gxh5 Bg4 14. Be2 Nxf3+
15. Bxf3 Qh4+ 16. Kf1 Bd4 17. Ne4 Rfe8 18. Ng3 Bh3+ 19. Bg2 Qf6+ 0-1

[Event "Box Hill Open"]
[Site "Box Hill"]
[Date "2002.10.04"]
[Round "4.13"]
[White "Simpson, Bruce"]
[Black "Harutyunyan, Vahram"]
[Result "0-1"]
[WhiteElo "1393"]
[BlackElo "1698"]
[Annotator "gb"]
[PlyCount "90"]
[EventDate "2002.09.13"]

1. c4 e6 2. Nf3 Nf6 3. Nc3 Bb4 4. a3 Bxc3 5. bxc3 d5 6. cxd5 exd5 7. e3 O-O 8.
Be2 c5 9. O-O Nc6 10. Bb2 c4 11. d3 Be6 12. dxc4 dxc4 13. Qa4 Na5 14. Rad1 Qc7
15. Nd4 Bd7 16. Qb4 Nd5 17. Nb5 Bxb5 18. Qxb5 Nf6 19. Rd4 a6 20. Qg5 h6 21. Qh4
b5 22. Bf3 Rad8 23. Rfd1 Nb3 24. h3 Nxd4 25. exd4 Qd6 26. Bc1 Nd5 27. Bd2 Rfe8
28. g3 Re6 29. Bg4 Re4 30. f3 Re2 31. f4 Re7 32. Bf3 Ne3 33. Re1 Nf5 34. Qg4
Rxe1+ 35. Bxe1 Ne3 36. Qh5 Qf6 37. Qc5 Qg6 38. Kh2 Qc2+ 39. Kg1 Qd3 40. Qe7 Rf8
41. Be4 Qf1+ 42. Kh2 Qe2+ 43. Kh1 Qxe1+ 44. Kh2 Qf2+ 45. Kh1 Nf1 0-1

[Event "Box Hill Open"]
[Site "Box Hill"]
[Date "2002.10.04"]
[Round "4.14"]
[White "Burak, Mehmed"]
[Black "O'Connor, Grayson"]
[Result "1-0"]
[WhiteElo "1577"]
[BlackElo "1497"]
[Annotator "gb"]
[PlyCount "79"]
[EventDate "2002.09.13"]

1. d4 d5 2. c4 e6 3. e3 Nf6 4. Nc3 c5 5. Nf3 Nc6 6. Be2 dxc4 7. Bxc4 cxd4 8.
exd4 Bb4 9. O-O O-O 10. a3 Bxc3 11. bxc3 Qa5 12. Qc2 b5 13. Ba2 b4 14. axb4 Qc7
15. Qe2 Ne7 16. Bd2 a5 17. b5 Bb7 18. Ne5 Rac8 19. Rfe1 Ne4 20. c4 Nf5 21. Nc6
Bxc6 22. bxc6 Nxd2 23. Qxd2 Qxc6 24. d5 exd5 25. cxd5 Qd6 26. Qg5 Nd4 27. Re4
Nc2 28. Rg4 g6 29. Rd1 Nb4 30. Bb1 Rc5 31. Be4 Rd8 32. h4 Nxd5 33. h5 f6 34.
Qh6 g5 35. Bxh7+ Kf7 36. Bg6+ Ke6 37. Qg7 Qf8 38. Re4+ Kd6 39. Qb7 Rc7 40.
Qxd5# 1-0

[Event "Box Hill Open"]
[Site "Box Hill"]
[Date "2002.10.04"]
[Round "4.16"]
[White "Chong, Trevor"]
[Black "Miller, Anthony"]
[Result "0-1"]
[WhiteElo "1357"]
[BlackElo "1570"]
[Annotator "gb"]
[PlyCount "102"]
[EventDate "2002.09.13"]

1. c4 g6 2. Nc3 Bg7 3. Nf3 d6 4. d4 Nd7 5. g3 Ngf6 6. Bg2 c6 7. O-O Qc7 8. Bd2
Nb6 9. b3 Bg4 10. Rc1 Qd7 11. e4 O-O 12. e5 Ne8 13. exd6 exd6 14. Be3 h6 15.
Qd2 Kh7 16. c5 dxc5 17. dxc5 Qxd2 18. Nxd2 Nd7 19. Nde4 Ne5 20. f3 Be6 21. Rfd1
f5 22. Nd6 Nxd6 23. cxd6 Rfd8 24. Na4 Nd7 25. f4 Re8 26. Bd4 Bf8 27. Nc5 Nxc5
28. Bxc5 Bd7 29. Re1 Kg8 30. Rcd1 a6 31. Bf1 b5 32. a4 Rxe1 33. Rxe1 Re8 34.
Kf2 Rxe1 35. Kxe1 Kf7 36. h3 Ke6 37. Kf2 Bxd6 38. Be3 Bb4 39. Bg2 bxa4 40. bxa4
c5 41. a5 Kd6 42. Bf1 Bb5 43. Bxb5 axb5 44. a6 Kc6 45. a7 Kb7 46. a8=Q+ Kxa8
47. Ke2 Kb7 48. Kd3 Kc6 49. Ke2 Kd5 50. g4 Ke4 51. gxf5 gxf5 0-1

[Event "Box Hill Open"]
[Site "Box Hill"]
[Date "2002.10.04"]
[Round "4.17"]
[White "Goudy, Arthur"]
[Black "Nemeth, Laszlo"]
[Result "0-1"]
[WhiteElo "1330"]
[BlackElo "1547"]
[Annotator "gb"]
[PlyCount "104"]
[EventDate "2002.09.13"]

1. e4 g6 2. d4 Bg7 3. Nc3 d6 4. f4 Nf6 5. Nf3 O-O 6. Bd3 Bg4 7. h3 Bxf3 8. Qxf3
Nc6 9. Be3 e5 10. d5 Nb4 11. fxe5 Nxd3+ 12. cxd3 dxe5 13. Bg5 Qd6 14. Qf2 h6
15. Bxf6 Bxf6 16. O-O Bg7 17. Rac1 a6 18. a3 f5 19. Qe2 f4 20. Na4 c6 21. dxc6
bxc6 22. Nb6 Rab8 23. Nc4 Qd4+ 24. Kh1 Rb3 25. Rf3 Rd8 26. Rd1 h5 27. g3 Bh6
28. Kg2 Kg7 29. Qf2 Rxd3 30. Qxd4 R3xd4 31. Rxd4 Rxd4 32. Nxe5 Rxe4 33. Nxc6
fxg3 34. Kxg3 h4+ 35. Kg2 Re2+ 36. Kf1 Rxb2 37. Rc3 Ra2 38. Nb4 Ra1+ 39. Ke2
Bc1 40. Nc2 Rb1 41. Rc4 Rb3 42. Rxh4 Bxa3 43. Ra4 Be7 44. Rxa6 Rxh3 45. Ra7 Kf6
46. Ra6+ Kg5 47. Ra5+ Kh6 48. Ra8 Bf6 49. Ra6 Bg5 50. Ra8 Kh5 51. Rh8+ Bh6 52.
Ne3 Rxe3+ 0-1

[Event "Box Hill Open"]
[Site "Box Hill"]
[Date "2002.10.04"]
[Round "4.18"]
[White "Elliott, Alan"]
[Black "Carey, Peter"]
[Result "1-0"]
[WhiteElo "1540"]
[BlackElo "1377"]
[Annotator "gb"]
[PlyCount "45"]
[EventDate "2002.09.13"]

1. d4 d5 2. c4 e6 3. Nf3 Nf6 4. g3 c6 5. Nc3 Nbd7 6. cxd5 cxd5 7. Bg2 Bd6 8.
O-O O-O 9. Nb5 Bb8 10. Bd2 a6 11. Nc3 b5 12. a3 Qb6 13. b4 Bb7 14. e3 Bd6 15.
Qe2 Rfc8 16. Rfc1 Rc6 17. Ne1 Rc4 18. Nd3 Rac8 19. Nc5 Bxc5 20. bxc5 Nxc5 21.
dxc5 Qxc5 22. Qd1 a5 23. Bf1 1-0

[Event "Box Hill Open"]
[Site "Box Hill"]
[Date "2002.10.04"]
[Round "4.19"]
[White "Bourmistrov, Alex"]
[Black "Elbrish, Sam"]
[Result "1-0"]
[WhiteElo "1507"]
[BlackElo "1259"]
[Annotator "gb"]
[PlyCount "53"]
[EventDate "2002.09.13"]

1. d4 d5 2. e3 a6 3. c4 e6 4. Nc3 Nf6 5. cxd5 exd5 6. Bd3 c6 7. Nge2 Bb4 8. O-O
O-O 9. f3 Re8 10. Ng3 Bf8 11. b3 g6 12. Bc2 Bh6 13. Kh1 Bxe3 14. Bxe3 Rxe3 15.
Qd2 Re7 16. Rae1 Be6 17. Qg5 Kg7 18. f4 h6 19. Qh4 Bg4 20. h3 Rxe1 21. Rxe1 Bd7
22. Nf1 Qf8 23. g4 Nh7 24. Ng3 Qb4 25. Bxg6 Qxc3 26. Nh5+ Kh8 27. Qd8+ 1-0

[Event "Box Hill Open"]
[Site "Box Hill"]
[Date "2002.10.04"]
[Round "4.20"]
[White "Armerman, Mendel"]
[Black "Carey, Jamie"]
[Result "1-0"]
[WhiteElo "1485"]
[BlackElo "1026"]
[Annotator "gb"]
[PlyCount "67"]
[EventDate "2002.09.13"]

1. e4 e6 2. d4 d5 3. Nc3 Bb4 4. e5 c5 5. a3 Ba5 6. b4 cxb4 7. Nb5 b3+ 8. c3 Bc7
9. Qxb3 a6 10. Nxc7+ Qxc7 11. Nf3 Nc6 12. Bd3 Nge7 13. O-O Bd7 14. a4 O-O 15.
Qc2 h6 16. Ba3 Nf5 17. Bxf8 Rxf8 18. g4 Nfe7 19. g5 h5 20. Nh4 Rc8 21. Rac1 Qb6
22. Qe2 g6 23. Qf3 Nxd4 24. cxd4 Rxc1 25. Rxc1 Qxd4 26. Qg3 Qxa4 27. Re1 b5 28.
Ng2 b4 29. Qf4 a5 30. Qf6 Nc6 31. Bxg6 fxg6 32. Qxg6+ Kf8 33. Qf6+ Ke8 34. g6
1-0

[Event "Box Hill Open"]
[Site "Box Hill"]
[Date "2002.10.08"]
[Round "4.46"]
[White "O'Connor, Phil"]
[Black "Wilson, Norm"]
[Result "1/2-1/2"]
[WhiteElo "1539"]
[BlackElo "1588"]
[Annotator "jp"]
[PlyCount "39"]
[EventDate "2002.09.13"]

1. d4 Nf6 2. Nf3 e6 3. c4 b6 4. g3 Bb7 5. Bg2 Be7 6. O-O O-O 7. Nc3 d5 8. cxd5
exd5 9. Qc2 c5 10. dxc5 bxc5 11. Rd1 Nc6 12. a3 a6 13. b3 Rc8 14. Bg5 d4 15.
Na4 h6 16. Bxf6 Bxf6 17. Nxc5 Qe7 18. Nd3 Rfe8 19. Kf1 Ne5 20. Qb1 $11 1/2-1/2

[Event "Box Hill Open"]
[Site "Box Hill"]
[Date "2002.10.04"]
[Round "4.47"]
[White "Martin, Richard"]
[Black "Hickman, Casey"]
[Result "0-1"]
[WhiteElo "1017"]
[BlackElo "1164"]
[Annotator "jp"]
[PlyCount "96"]
[EventDate "2002.09.13"]

1. e4 e5 2. Nf3 Nc6 3. Bb5 a6 4. Ba4 Nf6 5. O-O b5 6. Bb3 Bc5 7. d3 d6 8. Bg5
Be6 9. Nc3 Nb8 10. Nd5 Nbd7 11. Nh4 h6 12. Bxf6 Nxf6 13. Nf5 O-O 14. Qf3 Nxd5
15. Bxd5 Bxd5 16. exd5 Qf6 17. Rae1 Kh8 18. Re4 Rg8 19. Qh5 Qg5 20. Rh4 Qxh5
21. Rxh5 Rae8 22. g4 f6 23. h4 Kh7 24. g5 Kg6 25. gxh6 Kxh5 26. h7 Rh8 27.
Nxg7+ Kxh4 28. Nxe8 Rxe8 29. Kg2 Kg5 30. Rh1 Rh8 31. Kg3 Kg6 32. f4 Rxh7 33.
f5+ Kg7 34. Rxh7+ Kxh7 35. Kg4 Kh6 36. a3 Bf2 37. b3 Be1 38. c4 Bc3 39. cxb5
axb5 40. a4 bxa4 41. bxa4 Be1 42. Kf3 Kg5 43. Ke4 Bb4 44. Kf3 Kxf5 45. Kg3 Be1+
46. Kf3 Kg5 47. Ke2 Ba5 48. Kf3 f5 0-1

[Event "Box Hill Open"]
[Site "Box Hill"]
[Date "2002.10.11"]
[Round "5.1"]
[White "Dragicevic, Domagoj"]
[Black "Dutka, Janusz"]
[Result "1-0"]
[WhiteElo "1826"]
[BlackElo "1873"]
[Annotator "hl"]
[PlyCount "57"]
[EventDate "2002.09.13"]

1. e4 c5 2. Nf3 d6 3. d4 cxd4 4. Nxd4 Nf6 5. Nc3 a6 6. Bg5 e6 7. f4 Be7 8. Qf3
Qc7 9. O-O-O Nbd7 10. g4 b5 11. Bxf6 Nxf6 12. g5 Nd7 13. f5 Nc5 14. h4 b4 15.
fxe6 fxe6 16. Nce2 e5 17. Nb3 Nxe4 18. Bg2 Bb7 19. Rhf1 Rf8 20. Qh5+ g6 21.
Rxf8+ Bxf8 22. Qg4 Nf2 23. Qe6+ Be7 24. Bxb7 Qxb7 25. Qg8+ Kd7 26. Nc5+ Kc7 27.
Qf7 Qc6 28. Qxe7+ Kb6 29. Rxd6 1-0

[Event "Box Hill Open"]
[Site "Box Hill"]
[Date "2002.10.11"]
[Round "5.4"]
[White "Rushdi, Nasim"]
[Black "Endo, Kohei"]
[Result "1-0"]
[WhiteElo "1923"]
[BlackElo "1326"]
[Annotator "hl"]
[PlyCount "65"]
[EventDate "2002.09.13"]

1. d4 d5 2. Nf3 Nf6 3. Bg5 Bf5 4. c4 e6 5. Qb3 Nbd7 6. Nc3 Nb6 7. c5 Nc4 8.
Qxb7 Be7 9. Bf4 O-O 10. h3 Rb8 11. Qxc7 Qxc7 12. Bxc7 Rxb2 13. a4 Rb3 14. Rc1
Na3 15. g4 Bg6 16. e3 Rc8 17. Bf4 Bd8 18. Ne5 Ba5 19. Nxg6 fxg6 20. Ba6 Bxc3+
21. Kf1 Rc6 22. Be2 a5 23. Kg2 Bb4 24. Bb5 Rc8 25. Ba6 Rc6 26. Bb7 Bd2 27. Bxc6
Bxc1 28. Rxc1 Nc4 29. Bb5 Rb4 30. c6 Nb6 31. c7 Kf7 32. Bd6 Rxd4 33. c8=Q 1-0

[Event "Box Hill Open"]
[Site "Box Hill"]
[Date "2002.10.11"]
[Round "5.5"]
[White "Stojic, Dusan"]
[Black "Le, Tuan N"]
[Result "0-1"]
[WhiteElo "1638"]
[BlackElo "1904"]
[Annotator "hl"]
[PlyCount "110"]
[EventDate "2002.09.13"]

1. e4 c6 2. d4 d5 3. Nc3 dxe4 4. Nxe4 Bf5 5. Ng3 Bg6 6. h4 h6 7. Nf3 Nd7 8. h5
Bh7 9. Bd3 Bxd3 10. Qxd3 e6 11. Bf4 Qa5+ 12. Bd2 Qc7 13. O-O-O Ngf6 14. Ne4
O-O-O 15. g3 Nc5 16. Nxc5 Bxc5 17. c3 Bd6 18. Qe2 Qa5 19. Kb1 Qf5+ 20. Ka1 Rhe8
21. Ne5 Bxe5 22. Qxe5 Qxe5 23. dxe5 Ng4 24. Be3 Nxe3 25. fxe3 Rd5 26. Rhf1 Re7
27. Rxd5 exd5 28. Kb1 Kd7 29. Rf5 Ke6 30. g4 b5 31. Kc2 a5 32. Kd3 c5 33. e4
Rd7 34. g5 g6 35. hxg6 fxg6 36. Rf6+ Kxe5 37. Rxg6 dxe4+ 38. Ke3 Rd3+ 39. Ke2
Rg3 40. Kf2 Rxg5 41. Rxh6 c4 42. Rb6 Kf4 43. Rb8 e3+ 44. Kf1 Kf3 45. Rf8+ Ke4
46. Rd8 Rd5 47. Re8+ Kd3 48. b3 Kd2 49. b4 axb4 50. cxb4 Rf5+ 51. Kg2 c3 52.
Rd8+ Kc1 53. Re8 c2 54. Rc8 e2 55. Re8 Kb1 0-1

[Event "Box Hill Open"]
[Site "Box Hill"]
[Date "2002.10.11"]
[Round "5.8"]
[White "Flude, David A"]
[Black "Nemeth, Janos"]
[Result "0-1"]
[WhiteElo "1712"]
[BlackElo "1932"]
[Annotator "hl"]
[PlyCount "78"]
[EventDate "2002.09.13"]

1. e4 c5 2. Nc3 g6 3. f4 Bg7 4. Nf3 Nc6 5. Bb5 Nd4 6. Bd3 d6 7. Nxd4 cxd4 8.
Ne2 Bd7 9. O-O Nf6 10. Ng3 Qb6 11. a4 O-O 12. Kh1 Bc6 13. Qe2 e5 14. fxe5 dxe5
15. b3 Rfe8 16. Ba3 Bd7 17. h3 h5 18. Rf2 h4 19. Nf1 Nh5 20. Bc4 Nf4 21. Qf3
Rac8 22. d3 a6 23. Bc1 Bh6 24. a5 Qd8 25. g3 hxg3 26. Qxg3 Kg7 27. Nh2 Rh8 28.
Ng4 Bg5 29. Nxe5 Rxh3+ 30. Qxh3 Bxh3 31. Nxf7 Qf6 32. Nxg5 Qxg5 33. Bxf4 Qh5
34. Be5+ Qxe5 35. Rf7+ Kh6 36. Rf3 Bg4 37. Rf2 Rh8 38. Kg1 Qg3+ 39. Kf1 Kg5 0-1

[Event "Box Hill Open"]
[Site "Box Hill"]
[Date "2002.10.11"]
[Round "5.9"]
[White "Raine, Marcus"]
[Black "Umber, George"]
[Result "1-0"]
[WhiteElo "1904"]
[BlackElo "1602"]
[Annotator "hl"]
[PlyCount "89"]
[EventDate "2002.09.13"]

1. d4 d5 2. c4 c6 3. Nc3 Nf6 4. Bg5 e6 5. e3 Nbd7 6. a4 dxc4 7. Bxc4 Qa5 8. Bh4
Bb4 9. Nge2 Qh5 10. Bg3 Ne4 11. Bc7 Nb6 12. Bd3 Nd5 13. Bxe4 Nxc7 14. O-O Bd6
15. g3 O-O 16. f4 Nd5 17. Bf3 Qg6 18. Qd2 Bd7 19. e4 Nc7 20. e5 Be7 21. Ne4 Nd5
22. Nc5 Bc8 23. a5 Rd8 24. Be4 Qh6 25. Rf3 Rb8 26. Nd3 Nc7 27. Qe3 a6 28. Qf2
Nb5 29. Rc1 g6 30. Kg2 Nc7 31. h4 Rf8 32. Rh1 Qh5 33. Kh3 f5 34. exf6 Bxf6 35.
Ne5 Bxe5 36. dxe5 Nd5 37. g4 Qh6 38. g5 Qg7 39. h5 Kf7 40. hxg6+ hxg6 41. Kg2
Rh8 42. Rxh8 Qxh8 43. Rh3 Qg7 44. Rh6 Ne7 45. Qa7 1-0

[Event "Box Hill Open"]
[Site "Box Hill"]
[Date "2002.10.11"]
[Round "5.10"]
[White "Harutyunyan, Vahram"]
[Black "Sharman, Scot A"]
[Result "1-0"]
[WhiteElo "1698"]
[BlackElo "1717"]
[Annotator "hl"]
[PlyCount "69"]
[EventDate "2002.09.13"]

1. e4 e6 2. d4 d5 3. Nc3 Nf6 4. e5 Nfd7 5. f4 c5 6. Nf3 Nc6 7. Bb5 Nxd4 8. Nxd4
cxd4 9. Qxd4 a6 10. Bxd7+ Bxd7 11. O-O Rc8 12. Qd3 Qb6+ 13. Kh1 Bc5 14. a3 d4
15. Ne4 Bb5 16. Qg3 Bxf1 17. Qxg7 Rf8 18. Nf6+ Ke7 19. Qg5 Qc6 20. b4 h6 21.
Qg3 Bb6 22. Kg1 Bb5 23. Qh4 Bd8 24. a4 Bxa4 25. b5 Bxb5 26. Ba3+ Qc5 27. Bxc5+
Rxc5 28. Ne4+ Ke8 29. Qxh6 Rxc2 30. Rd1 Bc6 31. Nd6+ Ke7 32. Rxd4 Rxg2+ 33. Kf1
Rfg8 34. Qf6+ Kd7 35. Qxf7+ 1-0

[Event "Box Hill Open"]
[Site "Box Hill"]
[Date "2002.10.11"]
[Round "5.11"]
[White "Bekker, Gary D"]
[Black "Lycett, Garry"]
[Result "0-1"]
[WhiteElo "1576"]
[BlackElo "1705"]
[Annotator "gb"]
[PlyCount "94"]
[EventDate "2002.09.13"]

1. e4 c5 2. Nf3 d6 3. d4 cxd4 4. Nxd4 Nf6 5. Nc3 a6 6. Bg5 e6 7. f4 Be7 8. Qf3
O-O 9. Bc4 Qc7 10. Bb3 Nc6 11. O-O-O Nxd4 12. Rxd4 b5 13. a3 Bb7 14. Rhd1 Rfd8
15. g4 Rac8 16. Qe2 h6 17. Bxf6 Bxf6 18. e5 dxe5 19. Rxd8+ Rxd8 20. Rxd8+ Bxd8
21. fxe5 Bg5+ 22. Kb1 Bf4 23. h3 Bxe5 24. Ne4 Bf4 25. Qd3 Qc6 26. Nc3 Be5 27.
Qd8+ Kh7 28. Qd3+ g6 29. Ne2 Qd6 30. Qe3 Bd5 31. Bxd5 Qxd5 32. Nc3 Qd4 33. Qf3
Qf4 34. Qc6 Qf1+ 35. Ka2 Qc4+ 36. Qxc4 bxc4 37. Ne4 f5 38. Nc5 f4 39. Ne4 f3
40. Nd2 f2 41. Nf1 Bf4 42. b4 Be5 43. a4 Bd4 44. Ka3 e5 45. a5 e4 46. b5 axb5
47. Kb4 e3 0-1

[Event "Box Hill Open"]
[Site "Box Hill"]
[Date "2002.10.11"]
[Round "5.12"]
[White "Liston, Howard"]
[Black "Elliott, Alan"]
[Result "1-0"]
[WhiteElo "1702"]
[BlackElo "1540"]
[Annotator "gb"]
[PlyCount "81"]
[EventDate "2002.09.13"]

1. e4 e6 2. d4 d5 3. Nd2 dxe4 4. Nxe4 Nd7 5. Bd3 Ngf6 6. Nxf6+ Nxf6 7. Nf3 c5
8. dxc5 Bxc5 9. O-O O-O 10. Bg5 Be7 11. Qe2 Qc7 12. Ne5 h6 13. Bh4 Nd5 14. Bxe7
Qxe7 15. Qe4 Nf6 16. Qf3 Rb8 17. Rad1 Rd8 18. Rd2 Bd7 19. Rfd1 Be8 20. c3 Rd5
21. Qe2 Qc5 22. Nf3 Rbd8 23. h3 Ba4 24. b3 Bc6 25. c4 R5d6 26. Ne5 Be8 27. Kf1
Rd4 28. Qe3 Kh8 29. Be2 Rxd2 30. Qxc5 Rxd1+ 31. Bxd1 Rxd1+ 32. Ke2 Ra1 33. Qxa7
Rb1 34. Qd4 Rg1 35. g3 Rc1 36. Kd2 Rh1 37. h4 Kh7 38. Ng4 Kg8 39. Nxf6+ gxf6
40. Qxf6 Kh7 41. Qe7 1-0